Loading...
Outlines of botany
| Main Author: | |
|---|---|
| Format: | Printed Book |
| Language: | Undetermined English |
| Published: |
New Delhi
Viswanathan
1976
|
| Subjects: |
| LEADER | 00531nam a2200169Ia 4500 | ||
|---|---|---|---|
| 008 | 140306s9999 xx 000 0 und d | ||
| 041 | |a eng | ||
| 082 | |a 580 |b NAR/OU | ||
| 100 | |a NaraYana Swami, R V | ||
| 245 | |a Outlines of botany | ||
| 260 | |a New Delhi |b Viswanathan |c 1976 | ||
| 300 | |a 983 | ||
| 365 | |b Rs .27 .50 | ||
| 650 | |a Plant Science | ||
| 942 | |2 ddc |c BK | ||
| 999 | |c 116175 |d 116175 | ||
| 952 | |0 0 |1 0 |2 ddc |4 0 |6 580_000000000000000_NAROU |7 0 |9 114772 |a KAUHCV |b KAUHCV |d 2002-04-27 |g 27.50 |o 580 NAR/OU |p KAU_HCV-4328 |r 2014-03-22 |w 2014-03-22 |y BK | ||